| 000 | 00762nam a2200241 i 4500 | ||
|---|---|---|---|
| 001 | 69073 | ||
| 003 | ES-MaACL | ||
| 005 | 20250911062829.0 | ||
| 007 | t| | ||
| 008 | 040908s2003 sp ||||1| spa d | ||
| 020 | _a84-7522-528-4 | ||
| 080 | _a821.14'06-14"18" | ||
| 100 | 1 |
_aKavafis, Konstantinos. _967664 |
|
| 245 | 1 | 0 |
_aPoesía completa / _cC. P: Cavafis ; traducción de Anna Porthitou y Rafael Herrera Montero. |
| 260 |
_aMadrid : _bVisor Libros, _c[2003] |
||
| 300 |
_a415 p. ; _c20 cm. |
||
| 490 | 1 |
_aColección Visor de poesía ; _v528 |
|
| 700 | 1 |
_aPothitou, Anna. _993377 |
|
| 700 | 1 |
_aHerrera Montero, Rafael. _963229 |
|
| 830 | 0 |
_aColección Visor de poesía _v528 _9177331 |
|
| 852 |
_aES-MaACL _jL-28063 _bR.133630 |
||
| 999 |
_c69073 _d69073 |
||